000 00569nam a2200193 i 4500
001 150106
003 ES-MaACL
005 20250823093306.0
007 t|
008 071026s1970 sp ||||1| cat d
100 1 _aValls Gorina, Manuel.
_9112941
245 1 0 _aMúsica indiscreta
_b: la música, els músics y l'anècdota /
_cManuel Valls Gorina.
250 _a1ª ed.
260 _aBarcelona :
_bPáortic,
_c1970.
300 _a159 p. ;
_c19 cm.
650 1 4 _aMúsica-
_vCuriosidades
_915381
852 _aES-MaACL
_jC-49651
_bR.73397
999 _c150106
_d150106